30 seconds - The Horn of Africa - Statistics

General Stats
  • This quiz has been taken 55 times
  • The average score is 7 of 7
Answers on the Map
Answers color-coded by a green-red scale on the quiz's map according to % correct below.
 
Answer Stats
Path % Correct
Somalia
98%
Djibouti
96%
Ethiopia
96%
Sudan
96%
Eritrea
93%
Kenya
93%
South Sudan
89%
No matching quizzes found
Score Distribution
Percent of People with Each Score
Percentile by Number Answered
Your Score History
You have not taken this quiz